000 00326nam a2200109Ia 4500
008 171204s9999 xx 000 0 und d
245 4 _aThe Lost Art of DOS Commands:
245 _cDaniel Valencia
260 _c2016
650 _xADVANCED OPERATING SYSTEM AND NETWORKING
856 _uhttp://down.ebook777.com/050/B01M9H2ZX4.pdf
999 _c347109
_d347109